000 00700nam a2200181Ia 4500
003 GCL
008 140319s9999 xx 000 0 ara d
040 _aGCL /
_cGCL
082 0 4 _a414
_bز ا
100 1 _aالزمخشرى: جارالله ابوالقاسم محمود بن عمر بن محمد بن احمد الخورازمى
245 1 0 _aاساليب البلاغة /
_cالزمخشرى: جارالله ابوالقاسم محمود بن عمر بن محمد بن احمد الخورازمى
490 _aكتاب الشعب
_v0
650 0 4 _aاللغة العربية
650 0 4 _aالبلاغة العربية
650 0 4 _aالبلاغة
650 0 4 _aالمعاجم
942 _2ddc
_cBK
999 _c47234
_d47234